Manual de técnicas gráficas para arquitectos, diseñadores y artistas /

Contiene: 1) Superficie, línea y tono; 2) Color: Medios y métodos; 3) Dibujos ortogonales y en perspectiva; 4) Técnicas de reproducción e imitación; 5) Presentación y exposición.

Gorde:
Xehetasun bibliografikoak
Egile nagusia: Porter, Tom (autor)
Beste egile batzuk: Greenstreet, Bob (autor) (autor), Goodman, Sue (ilustración) (ilustración)
Formatua: Liburua
Hizkuntza:gaztelania
Argitaratua: Barcelona, España : Gustavo Gili, 1985, c1985
Edizioa:3a edición
Gaiak:
Etiketak: Etiketa erantsi
Etiketarik gabe, Izan zaitez lehena erregistro honi etiketa jartzen!

MARC

LEADER 00000nam^a2200000^a^4500
001 000038973
005 20250521000000.0
009 20260310085526.425
020 |a 84-252-1149-2 
037 |a Acervo ITESO - Biblioteca 
041 |a ESP 
082 |a 720. 28  |b POR V. 1 
100 |a Porter, Tom  |e (autor) 
245 1 0 |a Manual de técnicas gráficas para arquitectos, diseñadores y artistas /  |c T. Porter, B. Greenstreet ; il. de S. Goodman ; tr. por Santiago Castán. 
250 |a 3a edición 
264 4 |a Barcelona, España :  |b Gustavo Gili,  |c 1985, c1985 
300 |a 128 p. 
336 |a texto  |b txt  |2 rdacontenido 
337 |a sin mediación  |b n  |2 rdamedio 
338 |a volumen  |b nc  |2 rdasoporte 
500 |a Traducción de: Manual of Graphic Techniques for Architects, Graphic Designers and Artists 
520 |a Contiene: 1) Superficie, línea y tono; 2) Color: Medios y métodos; 3) Dibujos ortogonales y en perspectiva; 4) Técnicas de reproducción e imitación; 5) Presentación y exposición. 
649 |a XX 
650 |a Impresión -  |x Técnica 
650 |a Diseño Gráfico -  |x Técnica -  |x Tema Principal 
650 |a Representación Arquitectónica 
650 |a Diseño Arquitectónico 
650 |a Comunicación Visual 
700 |a Greenstreet, Bob  |e (autor) 
700 |a Goodman, Sue  |e (ilustración) 
910 |a Fondo General 
920 |a Impresos - Libros 
930 |a Reserva Especial 
905 |a 103 
901 |a 0389730100  |b IT1  |c REE  |i 038973  |u 20250521 
902 |a https://opac.biblio.iteso.mx/vufind/Record/000038973